| 000 | 00579nam a2200193Ia 4500 | ||
|---|---|---|---|
| 003 | GCL | ||
| 008 | 140319s9999 xx 000 0 eng d | ||
| 040 |
_aGCL / _cGCL |
||
| 082 | 0 | 4 |
_a363.7 _bC C |
| 100 | 1 | _aCOOPER, ANDRE R | |
| 245 | 1 | 0 |
_aCOOPER'S COMPREHENSIVE ENVIRONMENTAL DESK REFERENCE / _cCOOPER, ANDRE R |
| 260 |
_a[S.N] : _bDIVISION OF INTERNATIONAL THOMSON ، _c1995 |
||
| 300 | _a1039 P | ||
| 650 | 0 | 4 | _aENVIRONMENTAL PROTECTION |
| 650 | 0 | 4 | _aENVIRONMENTAL SCIENCE |
| 650 | 0 | 4 | _aENVIRONMENTAL - HANDBOOK |
| 650 | 0 | 4 | _aENVIRONMENTAL - DICTIONARY |
| 942 |
_2ddc _cBK |
||
| 999 |
_c13657 _d13657 |
||